Manual de políticas contables NIIF para PYMES

محفوظ في:
التفاصيل البيبلوغرافية
المؤلف الرئيسي: Torres Cárdenas, Fernando A (مؤلف)
التنسيق: كتاب
اللغة:الإسبانية
منشور في: Santiago Ediciones Costa Brava S. A 2014
الطبعة:1a. ed
سلاسل:Manual de Consultas IFRS
الموضوعات:
الوسوم: إضافة وسم
لا توجد وسوم, كن أول من يضع وسما على هذه التسجيلة!

MARC

LEADER 00000cam a2200000 a 4500
001 UCD0413
003 CL-VaPUC
008 151127e20140000cl |||||||||||||||||spa|d
020 |a 9789563583359 
082 0 4 |a 657.48  |b TOR  |2 21 
100 0 |a Torres Cárdenas, Fernando A  |e author  |9 583384 
245 1 0 |a Manual de políticas contables NIIF para PYMES 
250 |a 1a. ed 
300 |a 317 p 
942 |c BK 
945 |d 20151127 13:45:00  |a dcastane 
260 |a Santiago  |b Ediciones Costa Brava S. A  |c 2014 
650 0 |a Contabilidad financiera  |9 307017 
650 7 |a ESTADOS FINANCIEROS  |2 CL-VaPUC  |9 583385 
650 0 |a Normas Internacionales de información financiera (NIIF)  |9 533965 
650 7 |a PYMES  |2 CL-VaPUC  |9 497299 
583 |a last modification  |c 20151127 13:45:00  |k Rodrigo Vera 
490 0 |a Manual de Consultas IFRS 
999 |c 361952  |d 361950 
952 |0 0  |1 0  |3 erb  |4 0  |6 657_480000000000000_TOR_2014  |7 0  |8 A  |9 472721  |a BIBGIM  |b BIBGIM  |i 5253837  |l 1  |o 657.48 TOR 2014  |p 5253837  |r 2025-01-15  |s 2020-03-13  |w 2019-11-24  |y BK  |z Catalogado en:20151127  |k COM 
952 |0 0  |1 0  |3 erb  |4 0  |6 657_480000000000000_TOR_2014  |7 0  |8 A  |9 472722  |a BIBGIM  |b BIBGIM  |i 5253829  |o 657.48 TOR 2014  |p 5253829  |r 2025-01-15  |w 2019-11-24  |y BK  |z Catalogado en:20151127  |k COM 
952 |0 0  |1 0  |3 erb  |4 0  |6 657_480000000000000_TOR_2014  |7 0  |8 A  |9 472723  |a BIBGIM  |b BIBGIM  |i 5253810  |o 657.48 TOR 2014  |p 5253810  |r 2025-01-15  |w 2019-11-24  |y BK  |z Catalogado en:20151127  |k COM 
952 |0 0  |1 0  |3 erb  |4 0  |6 657_480000000000000_TOR_2014  |7 0  |8 A  |9 472724  |a BIBGIM  |b BIBGIM  |i 5253802  |o 657.48 TOR 2014  |p 5253802  |r 2025-01-15  |w 2019-11-24  |y BK  |z Catalogado en:20151127  |k COM